fruit collection quiz #1 - Statistics

General Stats
  • This quiz has been taken 16 times
  • The average score is 20 of 28
Answer Stats
Picture Answer % Correct
strawberry
100%
apple
92%
blueberry
92%
coconut
92%
lemon
92%
orange
92%
pear
92%
tomato
92%
watermelon
92%
banana
83%
peach
83%
raspberry
83%
avocado
75%
cherry
75%
pineapple
75%
grape
67%
mandarin
67%
pomegranate
67%
durian
58%
green apple
58%
lychee
58%
starfruit
58%
apricot
50%
melon
50%
quince
42%
red currant
42%
rambutan
33%
nut
17%
No matching quizzes found
Score Distribution
Percent of People with Each Score
Percentile by Number Answered
Your Score History
You have not taken this quiz